[Event "RUS-chT U26"]
[Site "Belgorod"]
[Date "2008.10.09"]
[Round "5"]
[White "Uzhva, Andrey Nikolaevich"]
[Black "Lushenkov, Mikhail M"]
[Result "0-1"]
[WhiteElo "2288"]
[BlackElo "2430"]
[PlyCount "106"]
[EventDate "2008.10.05"]
[EventType "team"]
[EventRounds "9"]
[EventCountry "RUS"]
[SourceTitle "EXT 2010"]
[Source "ChessBase"]
[SourceDate "2010.11.25"]
[SourceVersion "1"]
[SourceVersionDate "2010.11.25"]
[SourceQuality "1"]

1. d4 Nf6 2. c4 e6 3. g3 c5 4. Nf3 cxd4 5. Nxd4 Qc7 6. Qd3 a6 7. Nc3 Nc6 8. Nxc6 bxc6 9. Bg2 Be7 10. 0-0 0-0 11. e4 e5 12. h3 a5 13. b3 h6 14. f4 d6 15. g4 exf4 16. Bxf4 Nd7 17. Qg3 Ne5 18. Rad1 Bg5 19. Rf2 Bxf4 20. Qxf4 f6 21. Rfd2 Nf7 22. Kh1 Ra7 23. Na4 Qe7 24. Qf2 c5 25. Nc3 Bb7 26. Kg1 Ra6 27. Nb5 a4 28. Qf4 axb3 29. axb3 Rd8 30. Rd3 Ne5 31. R3d2 Bc8 32. Qg3 Be6 33. Kh1 Bf7 34. Bf3 Be8 35. Nc3 Bc6 36. Nd5 Bxd5 37. Rxd5 Ra3 38. Rb1 Rb8 39. Be2 Nf7 40. Qd3 Rb6 41. Bd1 Ne5 42. Qe2 Rba6 43. Rb2 Nc6 44. Rdd2 Nd4 45. Qd3 Qe5 46. Bc2 Ra2 47. Bb1 Rxb2 48. Rxb2 Ra1 49. Kg2 Ne6 50. Qc2 Nf4+ 51. Kh1 Nd3 52. Ra2 Qxe4+ 53. Kh2 Qe5+ 0-1

[Event "RUS-chT U26"]
[Site "Belgorod"]
[Date "2008.10.06"]
[Round "2"]
[White "Uzhva, Andrey Nikolaevich"]
[Black "Evdokimov, Alexander A"]
[Result "1/2-1/2"]
[WhiteElo "2288"]
[BlackElo "2557"]
[PlyCount "86"]
[EventDate "2008.10.05"]
[EventType "team"]
[EventRounds "9"]
[EventCountry "RUS"]
[SourceTitle "EXT 2010"]
[Source "ChessBase"]
[SourceDate "2010.11.25"]
[SourceVersion "1"]
[SourceVersionDate "2010.11.25"]
[SourceQuality "1"]

1. e4 c5 2. Nf3 Nc6 3. d4 cxd4 4. Nxd4 g6 5. Nc3 Bg7 6. Nde2 Rb8 7. a4 a6 8. g3 b5 9. axb5 axb5 10. Bg2 Nf6 11. Nd5 0-0 12. 0-0 Bb7 13. Be3 d6 14. Nd4 Nd7 15. Nxb5 Bxb2 16. Bh6 Bg7 17. Bxg7 Kxg7 18. c4 Nce5 19. Qd4 Bxd5 20. exd5 Qb6 21. Ra7 Qxd4 22. Nxd4 Ra8 23. Rfa1 Nb6 24. Nc6 Nexc4 25. Nxe7 Rxa7 26. Rxa7 Re8 27. h4 h6 28. Nc6 g5 29. hxg5 hxg5 30. Bf3 Kg6 31. Nd4 Re1+ 32. Kg2 Ne5 33. Ra6 Nc8 34. Be2 g4 35. f4 gxf3+ 36. Bxf3 Kg5 37. Be2 Rb1 38. Nb5 Rb2 39. Kf1 Rb1+ 40. Kf2 Ng4+ 41. Bxg4 Kxg4 42. Nxd6 Nb6 43. Nxf7 Rb2+ 1/2-1/2